| 000 | 00484nam a2200145 a 4500 | ||
|---|---|---|---|
| 082 |
_a947 _bTRO |
||
| 100 | 1 |
_aTrotsky, Leon, _950255 |
|
| 245 | 1 | 4 |
_aThe revolution betrayed : _bwhat is the Soviet Union and where is it going? / _cLeon Trotsky ; translated by Max Eastman. |
| 250 | _a1st ed. | ||
| 260 |
_aGarden City, N.Y. : _bDoubleday, Doran & Co., _c1937. |
||
| 300 |
_avii, 308 p. ; _c21 cm. |
||
| 526 |
_a0 _b0 _c0 _d947_000000000000000_TRO |
||
| 650 |
_aMCE _9379 |
||
| 942 |
_2ddc _cBK |
||
| 999 |
_c552981 _d552981 |
||